000 00707nam a2200253Ia 4500
003 OSt
005 20220912145523.0
006 a|||||r|||| 00| 0
007 ta
008 220909b |||||||| |||| 00| 0 eng d
024 _a69411
037 _cTextual
040 _aCSL
_beng
_cCSL
041 _aeng
082 _aB0G, G1
100 _ateacher of mathematics, ( national council of---)
245 0 _aMathematics in modern life
260 _c1931
300 _ap.
_ccm.
490 _aNational council of teachers of mathematics. unites states
650 _aMathematics
942 _hB0G, G1
_cTEXL
_2CC
999 _c33630
_d33630